Вып. 16; Вопросы республиканской автоматизированной системы управления (РАСУ)

Bibliographische Detailangaben
Parent link:Вопросы республиканской автоматизированной системы управления (РАСУ): сборник научных трудов/ Академия наук Узбекской ССР (АН УзССР). Вып. 16.— , 1976-1990
Sprache:Russisch
Veröffentlicht: 1979
Schlagworte:
Format: Buch
KOHA link:https://koha.lib.tpu.ru/cgi-bin/koha/opac-detail.pl?biblionumber=335718

MARC

LEADER 00000n m2a2200000 4500
001 335718
005 20231102004800.0
035 |a (RuTPU)RU\TPU\book\362130 
035 |a RU\TPU\book\362129 
090 |a 335718 
100 |a 20171002d1979 k y0rusy50 ca 
101 0 |a rus 
102 |a UZ 
105 |a a z 001zy 
200 0 |a Вып. 16 
210 |d 1979 
215 |a 174 с.  |c ил. 
320 |a Библиогр. в конце ст. 
461 1 |0 (RuTPU)RU\TPU\book\218517  |t Вопросы республиканской автоматизированной системы управления (РАСУ)  |o сборник научных трудов  |f Академия наук Узбекской ССР (АН УзССР)  |v Вып. 16  |d 1976-1990 
606 1 |a Автоматизированные системы планирования и управления  |x республиканские  |2 stltpush  |3 (RuTPU)RU\TPU\subj\681  |9 29510 
610 1 |a автоматизация 
610 1 |a АСУ 
610 1 |a экономические показатели 
610 1 |a народное хозяйство 
610 1 |a планирование 
610 1 |a оптимизация 
610 1 |a статистические модели 
610 1 |a календарные планы 
610 1 |a информационно-справочные системы 
610 1 |a производительность труда 
610 1 |a измерение 
610 1 |a технико-экономические расчеты 
610 1 |a поиск информации 
610 1 |a свертывание 
610 1 |a информационное обеспечение 
610 1 |a математическое обеспечение 
675 |a 658.012.011.56  |v 3 
801 1 |a RU  |b 63413507  |c 20140110 
801 2 |a RU  |b 63413507  |c 20231009  |g RCR 
942 |c BK